000 00333cam a22001217a 4500
008 180718b1989 xxu||||| |||| 00| 0 eng d
082 _aA2x73 In4
245 _aA nineteenth century American reader
_cedited by M. Thomas Inge
260 _aNew Delhi
_bAsian
_c1989
300 _a584p.
650 _aLitrature
700 _aInge, M. Thomas
999 _c493213
_d493213